Представление документа в формате MARC21

Поле Инд. ПП Название Значение
Тип записи a
Библиографический уровень a
001 Контрольный номер 018691fac9e44b0f81e0cb7fcea73327
005 Дата корректировки 20260423082550.4
020 a ISBN 978-5-907919-723
040 a Служба первич. каталог. НБ ТвГУ
b Код языка каталог. rus
e Правила каталог. PSBO
041 0_ a Код языка текста rus
097 b Оператор Komarova.ES
100 1_ a Автор Манина Ирина Ивановна
q Полное имя Манина И. И.
245 10 a Заглавие Влияние жанрового своеобразия литературы на процесс формирования духовно-нравственных ценностей в подростковом возрасте
260 a Место издания Москва
b Издательство Московский союз литераторов
504 a Библиография Библиогр. в подстроч. примеч.
520 0_ a Аннотация В статье рассматривается проблема формирования ценностно-смысловой сферы литературоцентричного подхода. подростков Анализируется через призму психологическое воздействие различных литературных жанров на когнитивный и эмоциональный компоненты нравственного сознания. Особое внимание уделяется механизмам идентификации и рефлексии.
653 0_ a Ключевые слова Рефлексия
a Ключевые слова Наука
a Ключевые слова Духовно-нравственные ценности
a Ключевые слова Психологическая герменевтика
a Ключевые слова Ценностные ориентации
700 12 a Другие авторы Цыганкова Виктория Викторовна
q Полное имя Цыганкова В. В.
773 18 w Контрольный № источника b6c41c0621c24b1a8844e5348daa290e
t Название источника IV международная научно-практическая конференция "Русский язык и литература в современном мире: как сохранить национальный культурный код"
d Место и дата издания Москва : Московский союз литераторов, 2026
g Прочая информация № 1. - С. 38-51
901 t Тип документа a
920 a Оператор Кома
954 b Дата поступления в ОК 20260423